[Event "2 Bundesliga Mitte 2007/2008"]
[Site "Villach"]
[Date "2007.10.13"]
[Round "1"]
[Board "5"]
[White "Weber, Christoph"]
[Black "Bergen, Peter"]
[Result "1-0"]
[WhiteElo "2194"]
[BlackElo "2219"]
[PlyCount "73"]
[EventDate "2007.10.13"]
[EventType "team"]
[EventRounds "11"]
[EventCountry "AUT"]
[WhiteTeam "SV Frauental"]
[BlackTeam "ESV ASKOE Admira Villach"]

1.e4 e5 2.Nf3 Nc6 3.Bb5 Nf6 4.O-O Nxe4 5.d4 Nd6 6.Bxc6 dxc6 7.dxe5 Nf5 8.Qe2 Nd4
9.Nxd4 Qxd4 10.Rd1 Bg4 11.Rxd4 Bxe2 12.Nc3 Bc5 13.Nxe2 Bxd4 14.Nxd4 O-O-O 15.Be3
Rd5 16.f4 Rhd8 17.Nf3 Rd1+ 18.Rxd1 Rxd1+ 19.Kf2 Rb1 20.Bd4 c5 21.Bc3 Kd7 22.Ng5
Ke7 23.Nxh7 Rc1 24.f5 Rxc2+ 25.Kf3 b5 26.f6+ gxf6 27.exf6+ Ke8 28.h4 b4 29.Be5
c4 30.h5 c3 31.bxc3 bxc3 32.h6 Rc1 33.Ng5 c2 34.Bb2 Rf1+ 35.Ke2 Rxf6 36.h7 Rh6
37.Kd2

[Event "2 Bundesliga Mitte 2007/2008"]
[Site "Villach"]
[Date "2007.10.13"]
[Round "1"]
[Board "6"]
[White "Bartl, Ulf"]
[Black "Schreiner, Peter"]
[Result "0-1"]
[WhiteElo "2071"]
[BlackElo "2088"]
[PlyCount "82"]
[EventDate "2007.10.13"]
[EventType "team"]
[EventRounds "11"]
[EventCountry "AUT"]
[WhiteTeam "ESV ASKOE Admira Villach"]
[BlackTeam "SV Frauental"]

1.d4 Nf6 2.c4 e6 3.Nc3 Bb4 4.Nf3 b6 5.g3 Bb7 6.Bg2 Ne4 7.Bd2 Bxc3 8.bxc3 Nxd2
9.Qxd2 d6 10.Qc2 Nd7 11.O-O Qe7 12.e4 O-O 13.Rfe1 e5 14.a4 a5 15.Nd2 Rfe8 16.Nf1
g6 17.f4 Nf6 18.f5 Rab8 19.fxg6 fxg6 20.Nd2 Rf8 21.Bh3 Rbe8 22.d5 Kg7 23.Nf3
Nxd5 24.cxd5 Rxf3 25.Bg4 Rf6 26.Be2 Ref8 27.Rf1 Bc8 28.Kg2 Bd7 29.Rxf6 Rxf6
30.Bb5 Bg4 31.Be2 Bd7 32.Bb5 Bxb5 33.axb5 Qd7 34.Qe2 h5 35.h3 Qf7 36.Ra4 g5
37.g4 hxg4 38.hxg4 Rf4 39.Ra1 Qg6 40.Ra4 Qh7 41.Rc4 Kg6 {Rest nicht
nachvollziehbar}

[Event "2 Bundesliga Mitte 2007/2008"]
[Site "Villach"]
[Date "2007.10.13"]
[Round "1"]
[Board "1"]
[White "Sakelsek, Tadej"]
[Black "Stevic, Hrvoje"]
[Result "0-1"]
[WhiteElo "2479"]
[BlackElo "2531"]
[PlyCount "84"]
[EventDate "2007.10.13"]
[EventType "team"]
[EventRounds "11"]
[EventCountry "AUT"]
[WhiteTeam "ESV Austria Graz"]
[BlackTeam "ZH Technologies Wolfsberg"]

1.e4 e5 2.Nf3 Nc6 3.Bb5 a6 4.Ba4 Nf6 5.O-O Be7 6.Re1 b5 7.Bb3 d6 8.c3 O-O 9.d4
Bg4 10.d5 Na5 11.Bc2 c6 12.h3 Bxf3 13.Qxf3 cxd5 14.exd5 Nc4 15.Nd2 Nb6 16.a4
Nxa4 17.Bxa4 bxa4 18.Rxa4 Qd7 19.b3 Qb7 20.c4 Nd7 21.b4 f5 22.Nb3 e4 23.Na5 Qc7
24.Qb3 Ne5 25.c5 Nd3 26.Rd1 Bh4 27.Rxd3 exd3 28.g3 Rae8 29.Bf4 Re1+ 30.Kg2 Bxg3
31.fxg3 d2 32.Bxd2 Re2+ 33.Kf3 Rxd2 34.Nc4 Rh2 35.Nxd6 f4 36.Rxa6 Qe7 37.Ne4
fxg3+ 38.Ke3 Re2+ 39.Kxe2 Qxe4+ 40.Kd2 Rf2+ 41.Kc1 Qe1+ 42.Qd1 Qc3+

[Event "2 Bundesliga Mitte 2007/2008"]
[Site "Villach"]
[Date "2007.10.13"]
[Round "1"]
[Board "2"]
[White "Mikac, Matjaz"]
[Black "Langheinrich, Ferenc"]
[Result "1/2-1/2"]
[WhiteElo "2390"]
[BlackElo "2421"]
[PlyCount "41"]
[EventDate "2007.10.13"]
[EventType "team"]
[EventRounds "11"]
[EventCountry "AUT"]
[WhiteTeam "ZH Technologies Wolfsberg"]
[BlackTeam "ESV Austria Graz"]

1.e4 c5 2.c3 Nf6 3.e5 Nd5 4.d4 cxd4 5.cxd4 Nc6 6.Nf3 d6 7.Bc4 Nb6 8.Bb5 dxe5
9.Nxe5 Bd7 10.Nxd7 Qxd7 11.Nc3 e6 12.O-O a6 13.Bxc6 bxc6 14.Be3 Bd6 15.Rc1 O-O
16.Ne4 Nd5 17.Qa4 Rfc8 18.Nxd6 Qxd6 19.Rc5 Qd7 20.Rfc1 Ne7 21.b3

[Event "2 Bundesliga Mitte 2007/2008"]
[Site "Villach"]
[Date "2007.10.13"]
[Round "1"]
[Board "3"]
[White "Kotz, Heinz Peter"]
[Black "Wegerer, Fred"]
[Result "0-1"]
[WhiteElo "2357"]
[BlackElo "2266"]
[PlyCount "52"]
[EventDate "2007.10.13"]
[EventType "team"]
[EventRounds "11"]
[EventCountry "AUT"]
[WhiteTeam "ESV Austria Graz"]
[BlackTeam "ZH Technologies Wolfsberg"]

1.e4 c5 2.Nf3 e6 3.d4 cxd4 4.Nxd4 a6 5.Nc3 b5 6.Bd3 d6 7.f4 b4 8.Nce2 Nf6 9.Ng3
Bb7 10.e5 Nd5 11.Qg4 Qb6 12.Nxe6 fxe6 13.Qxe6+ Kd8 14.Ne4 dxe5 15.Qxb6+ Nxb6
16.fxe5 N8d7 17.Nd6 Bd5 18.Bf4 Bxd6 19.exd6 Re8+ 20.Kf2 Rf8 21.Kg3 Nf6 22.Be3
Nc4 23.Bc5 a5 24.Rhe1 Rc8 25.Bd4 Nxd6 26.Rad1 Kc7 {Rest unleserlich}

[Event "2 Bundesliga Mitte 2007/2008"]
[Site "Villach"]
[Date "2007.10.13"]
[Round "1"]
[Board "4"]
[White "Pesec, Franz"]
[Black "Aschenbrenner, Robert"]
[Result "0-1"]
[WhiteElo "2231"]
[BlackElo "2304"]
[PlyCount "108"]
[EventDate "2007.10.13"]
[EventType "team"]
[EventRounds "11"]
[EventCountry "AUT"]
[WhiteTeam "ZH Technologies Wolfsberg"]
[BlackTeam "ESV Austria Graz"]

1.e4 c5 2.d4 cxd4 3.c3 d5 4.exd5 Qxd5 5.cxd4 Nc6 6.Nf3 e5 7.Nc3 Bb4 8.dxe5 Qxd1+
9.Kxd1 Bg4 10.Bb5 O-O-O+ 11.Ke1 Bxf3 12.gxf3 Nd4 13.Ba4 Nxf3+ 14.Ke2 Nxe5 15.Bf4
Nd3 16.Bg3 Ne7 17.Bb5 Bxc3 18.Bxd3 Bxb2 19.Rab1 Ba3 20.Rb3 Bd6 21.Rhb1 b6 22.a4
Bxg3 23.hxg3 Rd5 24.Bc4 Re5+ 25.Kf1 f6 26.Bb5 Rc5 27.a5 Kc7 28.a6 Rd8 29.Re1 Nc8
30.Bd3 g6 31.Kg2 Kb8 32.Re6 f5 33.Be2 Rc7 34.Rbe3 Nd6 35.Rd3 Rcd7 36.Bf3 Ne4
37.Rxd7 Rxd7 38.Re8+ Kc7 39.Bxe4 fxe4 40.Rxe4 b5 41.f4 Rd6 42.Re7+ Kb6 43.Rxh7
Kxa6 44.Kf3 b4 45.Ke4 b3 46.Rh1 Kb5 47.Ke5 Rb6 48.g4 a5 49.f5 gxf5 50.gxf5 a4
51.f6 a3 52.f7 Rb8 53.Kd4 Kb4 54.Kd3 Rd8+

[Event "2 Bundesliga Mitte 2007/2008"]
[Site "Villach"]
[Date "2007.10.13"]
[Round "1"]
[Board "5"]
[White "Fahrner, Kurt"]
[Black "Waldmann, Gerald"]
[Result "1-0"]
[WhiteElo "2286"]
[BlackElo "2157"]
[PlyCount "109"]
[EventDate "2007.10.13"]
[EventType "team"]
[EventRounds "11"]
[EventCountry "AUT"]
[WhiteTeam "ESV Austria Graz"]
[BlackTeam "ZH Technologies Wolfsberg"]

1.c4 e5 2.g3 Nc6 3.Bg2 g6 4.Nc3 Bg7 5.d3 d6 6.Rb1 a5 7.a3 f5 8.b4 axb4 9.axb4
Nf6 10.b5 Ne7 11.Bb2 O-O 12.Ra1 Rb8 13.Qc2 g5 14.Nf3 h6 15.Ra7 Ng6 16.h4 g4
17.Nd2 Nh5 18.Qb3 Kh8 19.Qb4 b6 20.Bc6 Be6 21.Nd5 Rf7 22.Qa3 Bxd5 23.Bxd5 Rf8
24.Qb3 Ne7 25.Bg2 f4 26.Ne4 Nf5 27.gxf4 Nxf4 28.Bf1 Nxh4 29.Bc1 Ne6 30.Qa2 Kh7
31.Ng3 Qf6 32.Be3 Nf4 33.Rxc7 Nfg2+ 34.Bxg2 Nxg2+ 35.Kd2 Nxe3 36.fxe3 Ra8 37.Ra7
Rxa7 38.Qxa7 e4 39.d4 Qe6 40.Rc1 d5 41.cxd5 Qxd5 42.Rc7 Rg8 43.Qxb6 Ra8 44.Qb7
Qxb7 45.Rxb7 Kg6 46.Rb6+ Kg5 47.Nxe4+ Kh4 48.Rg6 Bf8 49.b6 Ra5 50.Rf6 Bb4+
51.Kd3 h5 52.Kc4 Be7 53.Rf7 Ra4+ 54.Kb5 Rb4+ 55.Ka5

[Event "2 Bundesliga Mitte 2007/2008"]
[Site "Villach"]
[Date "2007.10.13"]
[Round "1"]
[Board "6"]
[White "Sternat, Roland"]
[Black "Pfaffel, Thomas"]
[Result "1/2-1/2"]
[WhiteElo "2126"]
[BlackElo "2192"]
[PlyCount "25"]
[EventDate "2007.10.13"]
[EventType "team"]
[EventRounds "11"]
[EventCountry "AUT"]
[WhiteTeam "ZH Technologies Wolfsberg"]
[BlackTeam "ESV Austria Graz"]

1.Nf3 c5 2.b3 Nf6 3.Bb2 Nc6 4.e3 e6 5.Bb5 Be7 6.O-O Qc7 7.Bxc6 Qxc6 8.Ne5 Qc7
9.Ng4 d6 10.Nxf6+ gxf6 11.d4 Bd7 12.c4 O-O-O 13.Nc3

[Event "2 Bundesliga Mitte 2007/2008"]
[Site "Villach"]
[Date "2007.10.14"]
[Round "2"]
[Board "1"]
[White "Kovacevic, Blazimir"]
[Black "Sikula, Vaszilij"]
[Result "1/2-1/2"]
[WhiteElo "2482"]
[BlackElo "2550"]
[PlyCount "34"]
[EventDate "2007.10.13"]
[EventType "team"]
[EventRounds "11"]
[EventCountry "AUT"]
[WhiteTeam "SpG Raika Alpine Trofaiach"]
[BlackTeam "SV ASVOe Raika St Veit/Glan"]

1.d4 Nf6 2.c4 g6 3.Nc3 Bg7 4.e4 d6 5.Nf3 O-O 6.Be2 e5 7.O-O Nc6 8.d5 Ne7 9.Ne1
Nd7 10.f3 f5 11.g4 Kh8 12.Be3 Ng8 13.Qd2 a5 14.Nd3 b6 15.Kg2 Nc5 16.Nxc5 bxc5
17.Kh1 Bd7

[Event "2 Bundesliga Mitte 2007/2008"]
[Site "Villach"]
[Date "2007.10.14"]
[Round "2"]
[Board "2"]
[White "Neubauer, Martin"]
[Black "Stuhlik, Marko"]
[Result "1-0"]
[WhiteElo "2453"]
[BlackElo "2252"]
[PlyCount "63"]
[EventDate "2007.10.13"]
[EventType "team"]
[EventRounds "11"]
[EventCountry "AUT"]
[WhiteTeam "SV ASVOe Raika St Veit/Glan"]
[BlackTeam "SpG Raika Alpine Trofaiach"]

1.e4 g6 2.d4 Bg7 3.Nc3 c6 4.h3 d6 5.Nf3 Nd7 6.Be3 b5 7.a4 b4 8.Ne2 Ba6 9.Ng3
Bxf1 10.Kxf1 c5 11.c3 bxc3 12.bxc3 Qa5 13.Qd3 Rb8 14.Nd2 Ngf6 15.Ke2 O-O 16.Nc4
Qa6 17.d5 Rb3 18.Nd2 c4 19.Qxc4 Qxc4+ 20.Nxc4 Rc8 21.Nd2 Rb2 22.Bxa7 h5 23.Rhb1
Rxd2+ 24.Kxd2 h4 25.Ne2 Nxe4+ 26.Kd1 Rc7 27.Be3 Ndf6 28.Rb5 e6 29.dxe6 fxe6
30.f3 Nd5 31.Rxd5 Nxc3+ 32.Nxc3

[Event "2 Bundesliga Mitte 2007/2008"]
[Site "Villach"]
[Date "2007.10.14"]
[Round "2"]
[Board "3"]
[White "Mitter, Gerd"]
[Black "Hebesberger, Thomas"]
[Result "0-1"]
[WhiteElo "2185"]
[BlackElo "2349"]
[PlyCount "64"]
[EventDate "2007.10.13"]
[EventType "team"]
[EventRounds "11"]
[EventCountry "AUT"]
[WhiteTeam "SpG Raika Alpine Trofaiach"]
[BlackTeam "SV ASVOe Raika St Veit/Glan"]

1.Nf3 Nf6 2.c4 c6 3.g3 d5 4.Bg2 Bg4 5.O-O Nbd7 6.d4 e6 7.Qb3 Qb6 8.c5 Qc7 9.Bf4
Qc8 10.Nc3 Be7 11.Rfe1 O-O 12.h3 Bh5 13.Rac1 Re8 14.a3 Bd8 15.Qd1 Bc7 16.Bxc7
Qxc7 17.b4 a6 18.Qb3 e5 19.e3 Re7 20.dxe5 Nxe5 21.Nxe5 Qxe5 22.g4 Bxg4 23.hxg4
Nxg4 24.Qd1 Qh2+ 25.Kf1 Qh4 26.Rc2 Rae8 27.Ree2 Re6 28.e4 Rg6 29.Qd3 d4 30.Qh3
Qxh3 31.Bxh3 Nh2+ 32.Ke1 Nf3+

[Event "2 Bundesliga Mitte 2007/2008"]
[Site "Villach"]
[Date "2007.10.14"]
[Round "2"]
[Board "4"]
[White "Hoelzl, Franz"]
[Black "Spirk, Stefan"]
[Result "1/2-1/2"]
[WhiteElo "2374"]
[BlackElo "2130"]
[PlyCount "98"]
[EventDate "2007.10.13"]
[EventType "team"]
[EventRounds "11"]
[EventCountry "AUT"]
[WhiteTeam "SV ASVOe Raika St Veit/Glan"]
[BlackTeam "SpG Raika Alpine Trofaiach"]

1.d4 Nf6 2.Nf3 c5 3.d5 e6 4.Nc3 exd5 5.Nxd5 Nxd5 6.Qxd5 Nc6 7.e4 d6 8.Ng5 Qc7
9.Bc4 Ne5 10.Be2 h6 11.Nf3 Nxf3+ 12.Bxf3 Be6 13.Qd3 Rd8 14.b3 d5 15.O-O d4
16.Be2 Be7 17.f4 a5 18.e5 g6 19.Bf3 c4 20.Qd1 b5 21.Kh1 h5 22.Be4 Bf5 23.Qf3
Bxe4 24.Qxe4 Qd7 25.bxc4 bxc4 26.Rb1 Qd5 27.Qxd5 Rxd5 28.Rb8+ Rd8 29.Rb7 Rd7
30.Rxd7 Kxd7 31.Rd1 Bc5 32.Be3 Kc6 33.Bxd4 Rd8 34.c3 Bxd4 35.cxd4 Kd5 36.Kg1 Rb8
37.Kf2 Rb2+ 38.Ke3 Rxa2 39.Rb1 Ra3+ 40.Kd2 Kxd4 41.Rb7 Ra2+ 42.Kd1 Rxg2 43.Rxf7
Kd5 44.Rf6 a4 45.Rd6+ Kc5 46.Rd8 Rb2 47.Ra8 Rf2 48.Rxa4 Kd4 49.e6 Rxf4

[Event "2 Bundesliga Mitte 2007/2008"]
[Site "Villach"]
[Date "2007.10.14"]
[Round "2"]
[Board "5"]
[White "Soelkner, Karl"]
[Black "Mazi, Leon"]
[Result "0-1"]
[WhiteElo "2068"]
[BlackElo "2348"]
[PlyCount "102"]
[EventDate "2007.10.13"]
[EventType "team"]
[EventRounds "11"]
[EventCountry "AUT"]
[WhiteTeam "SpG Raika Alpine Trofaiach"]
[BlackTeam "SV ASVOe Raika St Veit/Glan"]

1.Nf3 Nf6 2.d4 g6 3.c3 d6 4.Bg5 Nbd7 5.h3 Bg7 6.Nbd2 O-O 7.e3 e5 8.Be2 Qe8 9.O-O
h6 10.Bxf6 Nxf6 11.dxe5 dxe5 12.Qc2 e4 13.Nh2 h5 14.Rfd1 Qe7 15.Nhf1 Re8 16.Ng3
h4 17.Ngf1 Nh7 18.Nh2 Ng5 19.Bg4 f5 20.Be2 Be6 21.Bc4 Rad8 22.Bxe6+ Nxe6 23.Nb3
c6 24.Rxd8 Rxd8 25.Rd1 Be5 26.Rxd8+ Nxd8 27.Nf1 Bd6 28.Qd2 Nf7 29.Qd4 a6 30.Nfd2
Be5 31.Qc4 Qd7 32.Qe2 Bc7 33.Nf1 Qd5 34.Qd2 Qxd2 35.Nfxd2 Nd6 36.Kf1 Kf7 37.Ke2
Bd8 38.f3 b6 39.Nd4 c5 40.N4b3 Ke6 41.fxe4 fxe4 42.Nc1 Bf6 43.Kf2 Kd5 44.Ke2 b5
45.Kd1 a5 46.a3 a4 47.Na2 Nc4 48.Nxc4 Kxc4 49.Nc1 b4 50.axb4 cxb4 51.Ke2 b3

[Event "2 Bundesliga Mitte 2007/2008"]
[Site "Villach"]
[Date "2007.10.14"]
[Round "2"]
[Board "6"]
[White "Smole, Albert"]
[Black "Ebner, Markus"]
[Result "1/2-1/2"]
[WhiteElo "2118"]
[BlackElo "2054"]
[PlyCount "112"]
[EventDate "2007.10.13"]
[EventType "team"]
[EventRounds "11"]
[EventCountry "AUT"]
[WhiteTeam "SV ASVOe Raika St Veit/Glan"]
[BlackTeam "SpG Raika Alpine Trofaiach"]

1.Nf3 e6 2.g3 d5 3.Bg2 c5 4.O-O Nc6 5.d4 Nf6 6.c4 dxc4 7.Qa4 cxd4 8.Nxd4 Qxd4
9.Bxc6+ bxc6 10.Qxc6+ Qd7 11.Qxa8 Bc5 12.Nc3 O-O 13.Qf3 Bb7 14.e4 Bb4 15.Qd1 Qc8
16.f3 Bc5+ 17.Kg2 Nd7 18.Na4 f5 19.Nxc5 Nxc5 20.e5 Rd8 21.Qe2 Nd3 22.Bd2 Nxe5
23.Qxe5 Rxd2+ 24.Rf2 Rxf2+ 25.Kxf2 Bd5 26.Qd4 Qb7 27.Re1 Kf7 28.Re3 g5 29.Ra3 a6
30.Re3 h5 31.h4 gxh4 32.gxh4 Qb8 33.Qe5 Qd8 34.Qd4 Qc7 35.f4 Qd7 36.Kg3 Qb7
37.Qh8 Qb6 38.Qe5 Be4 39.Qc3 Qd8 40.Rxe4 fxe4 41.Qxc4 Qd3+ 42.Qxd3 exd3 43.Kf3
Kf6 44.b4 d2 45.Ke2 Kf5 46.a4 Kxf4 47.b5 axb5 48.axb5 Ke5 49.Kxd2 Kd5 50.Kd3 Kc5
51.Ke4 Kxb5 52.Ke5 Kc5 53.Kxe6 Kc6 54.Kf6 Kd6 55.Kg6 Ke6 56.Kxh5 Kf7

[Event "2 Bundesliga Mitte 2007/2008"]
[Site "Villach"]
[Date "2007.10.14"]
[Round "2"]
[Board "1"]
[White "Weiss, Christian"]
[Black "Kreisl, Robert"]
[Result "1-0"]
[WhiteElo "2460"]
[BlackElo "2333"]
[PlyCount "165"]
[EventDate "2007.10.13"]
[EventType "team"]
[EventRounds "11"]
[EventCountry "AUT"]
[WhiteTeam "SC Ansfelden 2"]
[BlackTeam "Kl Zeitung MPOe Maria Saal"]

1.c4 c5 2.Nf3 Nc6 3.g3 g6 4.Bg2 Bg7 5.Nc3 a6 6.O-O Rb8 7.e3 b5 8.cxb5 axb5 9.d4
cxd4 10.exd4 b4 11.Ne4 d5 12.Nc5 Nf6 13.Bf4 Rb6 14.Ne5 O-O 15.Nxc6 Rxc6 16.Qd2
Qb6 17.Rfc1 Bf5 18.Be3 Rd8 19.f3 Ne8 20.h4 Nd6 21.b3 Nb5 22.Na4 Rxc1+ 23.Rxc1
Qd6 24.g4 Bd7 25.Nc5 Rb8 26.Bf4 Bxd4+ 27.Qxd4 Nxd4 28.Bxd6 exd6 29.Nxd7 Ra8
30.Re1 Rxa2 31.Nf6+ Kg7 32.Nxd5 Rd2 33.f4 Nxb3 34.Nxb4 Nc5 35.Nd5 Nd3 36.Rf1 Nc5
37.Rf2 Rd1+ 38.Kh2 Rd4 39.Re2 Ne6 40.Kg3 Rd3+ 41.Re3 Rd2 42.Bf3 Nd4 43.Nb4 h5
44.Rd3 Rxd3 45.Nxd3 hxg4 46.Bxg4 f6 47.Nf2 d5 48.Nh3 Kh6 49.Kf2 Nb5 50.Ke3 Nd6
51.Kd4 Nc4 52.Nf2 Kg7 53.Be2 Nd6 54.Bd3 g5 55.hxg5 fxg5 56.fxg5 Nf7 57.Nh3 Nxg5
58.Nxg5 Kf6 59.Nh3 Ke6 60.Nf4+ Kf6 61.Nxd5+ Kg5 62.Ke4 Kg6 63.Ke5+ Kg5 64.Bf5
Kh6 65.Nf6 Kg5 66.Ng8 Kh4 67.Kf4 Kh5 68.Be4 Kh4 69.Nf6 Kh3 70.Ng4 Kh4 71.Bg6 Kh3
72.Ne3 Kh4 73.Ng2+ Kh3 74.Kf3 Kh2 75.Nf4 Kh1 76.Bd3 Kh2 77.Kf2 Kh1 78.Ne2 Kh2
79.Ng1 Kh1 80.Be2 Kh2 81.Bf1 Kh1 82.Bg2+ Kh2 83.Nf3#

[Event "2 Bundesliga Mitte 2007/2008"]
[Site "Villach"]
[Date "2007.10.14"]
[Round "2"]
[Board "2"]
[White "Schachinger, Mario"]
[Black "Haba, Petr"]
[Result "1/2-1/2"]
[WhiteElo "2278"]
[BlackElo "2525"]
[PlyCount "91"]
[EventDate "2007.10.13"]
[EventType "team"]
[EventRounds "11"]
[EventCountry "AUT"]
[WhiteTeam "Kl Zeitung MPOe Maria Saal"]
[BlackTeam "SC Ansfelden 2"]

1.e4 e6 2.d4 d5 3.Nc3 Bb4 4.e5 c5 5.a3 Bxc3+ 6.bxc3 Qc7 7.Qg4 f5 8.Qg3 cxd4
9.cxd4 Ne7 10.Ne2 O-O 11.c3 Ng6 12.h4 f4 13.Qg4 Nc6 14.Rh3 Qa5 15.Nxf4 Nxf4
16.Bxf4 Nxd4 17.Bh6 Nf5 18.Bd2 Bd7 19.Qb4 Qxb4 20.axb4 a6 21.g4 Ne7 22.h5 Bb5
23.f4 Bxf1 24.Kxf1 Rac8 25.Ke2 Rc4 26.Rf3 Nc6 27.Re1 d4 28.Rc1 Rc8 29.Rd3 Rc7
30.cxd4 Rxc1 31.Bxc1 Nxb4 32.Rb3 Nd5 33.Bd2 b6 34.f5 Kf7 35.Kd3 a5 36.Rb1 a4
37.Ke4 Rc2 38.Kd3 Rc8 39.Ke4 Rc7 40.g5 g6 41.fxg6+ hxg6 42.h6 Kg8 43.Kd3 Kh7
44.Be1 Kg8 45.Bd2 Kh7 46.Be1

[Event "2 Bundesliga Mitte 2007/2008"]
[Site "Villach"]
[Date "2007.10.14"]
[Round "2"]
[Board "3"]
[White "Knoll, Hermann"]
[Black "Ertl, Johann"]
[Result "0-1"]
[WhiteElo "2386"]
[BlackElo "2234"]
[PlyCount "92"]
[EventDate "2007.10.13"]
[EventType "team"]
[EventRounds "11"]
[EventCountry "AUT"]
[WhiteTeam "SC Ansfelden 2"]
[BlackTeam "Kl Zeitung MPOe Maria Saal"]

1.e4 e6 2.d4 d5 3.Nc3 Bb4 4.e5 c5 5.a3 Bxc3+ 6.bxc3 Ne7 7.Qg4 Qc7 8.Qxg7 Rg8
9.Qxh7 cxd4 10.Ne2 Nbc6 11.f4 Bd7 12.Qd3 dxc3 13.Qxc3 Nf5 14.Rb1 O-O-O 15.Rg1 d4
16.Qd3 f6 17.exf6 Be8 18.g4 Nd6 19.h4 Bg6 20.f5 exf5 21.g5 Ne5 22.Qb3 Bf7 23.Qh3
Qxc2 24.Rb4 Nd3+ 25.Qxd3 Qxd3 26.Rg3 Qc2 27.Rb2 Qc5 28.Bf4 Nc4 29.Rbb3 Ne3
30.Rgxe3 Qa5+ 31.Rec3+ dxc3 32.Rxc3+ Kd7 33.Kf2 Qb6+ 34.Be3 Qb2 35.Bh3 Be6 36.h5
f4 37.Bxe6+ Kxe6 38.Bxf4 Rc8 39.Re3+ Kd5 40.f7 Rh8 41.h6 Qb6 42.Bg3 Rc2 43.Kf3
Rxe2 44.Rxe2 Qg6 45.Kg4 Rf8 46.Re5+ Kc4

[Event "2 Bundesliga Mitte 2007/2008"]
[Site "Villach"]
[Date "2007.10.14"]
[Round "2"]
[Board "4"]
[White "Reschun, Sascha"]
[Black "Hellmayr, Alois"]
[Result "0-1"]
[WhiteElo "2272"]
[BlackElo "2320"]
[PlyCount "70"]
[EventDate "2007.10.13"]
[EventType "team"]
[EventRounds "11"]
[EventCountry "AUT"]
[WhiteTeam "Kl Zeitung MPOe Maria Saal"]
[BlackTeam "SC Ansfelden 2"]

1.e4 c5 2.Nf3 e6 3.d4 cxd4 4.Nxd4 a6 5.Nc3 Qc7 6.Bd3 Nf6 7.O-O Nc6 8.Nb3 d6
9.Bd2 Be7 10.Qe2 O-O 11.f4 Re8 12.Rae1 Nd7 13.Kh1 Nb4 14.Nb5 axb5 15.Bxb4 Rxa2
16.c3 Ra8 17.Bxb5 Rd8 18.Nd4 Nf8 19.Bc4 Bd7 20.f5 e5 21.Nc2 Bc6 22.Qg4 Nd7
23.Qh5 Rf8 24.Qf3 Nf6 25.Bb3 Rfd8 26.c4 b5 27.cxb5 Bxb5 28.Rf2 Bc6 29.Bc3 Qb7
30.Nb4 Bxe4 31.Qg3 d5 32.Bxd5 Bxd5 33.Nxd5 Qxd5 34.Rxe5 Bd6 35.Rxd5 Ra1+

[Event "2 Bundesliga Mitte 2007/2008"]
[Site "Villach"]
[Date "2007.10.14"]
[Round "2"]
[Board "5"]
[White "Humer, Wolfgang"]
[Black "Halvax, Georg"]
[Result "0-1"]
[WhiteElo "2254"]
[BlackElo "2059"]
[PlyCount "60"]
[EventDate "2007.10.13"]
[EventType "team"]
[EventRounds "11"]
[EventCountry "AUT"]
[WhiteTeam "SC Ansfelden 2"]
[BlackTeam "Kl Zeitung MPOe Maria Saal"]

1.g3 d5 2.Bg2 Nf6 3.Nf3 e6 4.O-O Be7 5.d3 c5 6.Nbd2 b6 7.e4 Bb7 8.e5 Nfd7 9.Re1
Nc6 10.Nf1 Qc7 11.Bf4 O-O-O 12.c3 h6 13.d4 g5 14.Be3 Rdg8 15.a4 Qd8 16.a5 cxd4
17.Bxd4 Nxa5 18.Rxa5 bxa5 19.Bxa7 Bc5 20.Bxc5 Nxc5 21.b4 Na6 22.Qa4 axb4 23.cxb4
Qb6 24.Rc1+ Kb8 25.b5 Nc5 26.Qa3 Ne4 27.Ne3 Rc8 28.Ra1 Rc3 29.Qb2 Rhc8 30.Ne1
Rxe3

[Event "2 Bundesliga Mitte 2007/2008"]
[Site "Villach"]
[Date "2007.10.14"]
[Round "2"]
[Board "1"]
[White "Schenk, Andreas"]
[Black "Dervishi, Erald"]
[Result "1/2-1/2"]
[WhiteElo "2509"]
[BlackElo "2543"]
[PlyCount "69"]
[EventDate "2007.10.13"]
[EventType "team"]
[EventRounds "11"]
[EventCountry "AUT"]
[WhiteTeam "SK Sparkasse Fuerstenfeld"]
[BlackTeam "SK Leoben"]

1.d4 Nf6 2.c4 e6 3.Nc3 d5 4.Nf3 Be7 5.Bf4 O-O 6.e3 c5 7.dxc5 Bxc5 8.cxd5 Nxd5
9.Nxd5 exd5 10.a3 Nc6 11.Bd3 Be7 12.O-O Bf6 13.Qb3 g6 14.Rab1 a5 15.Rfd1 a4
16.Qc2 Be6 17.b4 axb3 18.Qxb3 Na5 19.Qb4 Qd7 20.a4 Rfc8 21.Bb5 Nc6 22.Qd2 Qe7
23.Rbc1 Qa3 24.h3 Na7 25.Nd4 Qe7 26.Nxe6 fxe6 27.e4 Nxb5 28.axb5 dxe4 29.Qe2
Rxc1 30.Rxc1 Qb4 31.Qc4 Qxc4 32.Rxc4 b6 33.Be3 Ra1+ 34.Kh2 Rb1 35.Bxb6

[Event "2 Bundesliga Mitte 2007/2008"]
[Site "Villach"]
[Date "2007.10.14"]
[Round "2"]
[Board "2"]
[White "Manca, Federico"]
[Black "Kuba, Guenter"]
[Result "0-1"]
[WhiteElo "2405"]
[BlackElo "2396"]
[PlyCount "86"]
[EventDate "2007.10.13"]
[EventType "team"]
[EventRounds "11"]
[EventCountry "AUT"]
[WhiteTeam "SK Leoben"]
[BlackTeam "SK Sparkasse Fuerstenfeld"]

1.e4 e5 2.Nf3 Nc6 3.d4 exd4 4.Nxd4 Bc5 5.Nb3 Bb6 6.Nc3 Qf6 7.Qe2 Nge7 8.Be3 Bxe3
9.Qxe3 O-O 10.O-O-O a6 11.f4 d6 12.Be2 b5 13.g4 b4 14.Na4 Qh4 15.Rhg1 Re8 16.Rg3
Ng6 17.Rh3 Qe7 18.Bf3 Bd7 19.e5 Rad8 20.e6 Qxe6 21.Qxe6 fxe6 22.Nac5 dxc5
23.Rxd7 Nxf4 24.Bxc6 Nxh3 25.Nxc5 a5 26.Rxc7 Rc8 27.Nxe6 Rxc7 28.Nxc7 Re2
29.Bd5+ Kh8 30.c4 bxc3 31.bxc3 Rxh2 32.Ne6 Nf2 33.g5 Nd3+ 34.Kd1 Nb2+ 35.Kc1
Nd3+ 36.Kd1 Nb2+ 37.Kc1 Na4 38.c4 Nc3 39.a3 Re2 40.Nd8 Nxd5 41.cxd5 Kg8 42.Nc6
Kf8 43.Nxa5 Re5

[Event "2 Bundesliga Mitte 2007/2008"]
[Site "Villach"]
[Date "2007.10.14"]
[Round "2"]
[Board "3"]
[White "Wach, Markus"]
[Black "Dietmayer Kraeutler, Marco"]
[Result "1/2-1/2"]
[WhiteElo "2386"]
[BlackElo "2325"]
[PlyCount "86"]
[EventDate "2007.10.13"]
[EventType "team"]
[EventRounds "11"]
[EventCountry "AUT"]
[WhiteTeam "SK Sparkasse Fuerstenfeld"]
[BlackTeam "SK Leoben"]

1.e4 e5 2.Nf3 Nc6 3.Bb5 a6 4.Ba4 Nf6 5.d4 Nxd4 6.Nxd4 exd4 7.e5 Ne4 8.Qxd4 Nc5
9.O-O b5 10.Bb3 Nxb3 11.axb3 Bb7 12.Nc3 c5 13.Qg4 Qc7 14.Rd1 Qc6 15.Nd5 O-O-O
16.c4 Qe6 17.Qg3 h6 18.Be3 g5 19.Nc3 bxc4 20.bxc4 Re8 21.Na4 Qxe5 22.Nb6+ Kc7
23.Qxe5+ Rxe5 24.Nxd7 Re4 25.b3 Rg4 26.g3 Bg7 27.Nxc5 Bxa1 28.Rxa1 Re8 29.Nxa6+
Kc6 30.Nb4+ Kc7 31.Nd3 f5 32.Nc5 f4 33.Bd2 fxg3 34.hxg3 Bc6 35.Na6+ Kc8 36.Nb4
Bf3 37.Bc3 Rd8 38.Nd5 Bxd5 39.cxd5 Rxd5 40.Kg2 Re4 41.Rh1 Re6 42.Bg7 Rb6 43.Rxh6
Rxb3

[Event "2 Bundesliga Mitte 2007/2008"]
[Site "Villach"]
[Date "2007.10.14"]
[Round "2"]
[Board "4"]
[White "Benda, Herbert"]
[Black "Kilgus, Georg"]
[Result "1/2-1/2"]
[WhiteElo "2274"]
[BlackElo "2354"]
[PlyCount "103"]
[EventDate "2007.10.13"]
[EventType "team"]
[EventRounds "11"]
[EventCountry "AUT"]
[WhiteTeam "SK Leoben"]
[BlackTeam "SK Sparkasse Fuerstenfeld"]

1.e4 e5 2.Nf3 Nc6 3.Bc4 Nf6 4.d3 Bc5 5.Nc3 a6 6.Nd5 Nxd5 7.Bxd5 O-O 8.Bg5 Be7
9.h4 d6 10.Qd2 Bg4 11.c3 Qd7 12.O-O-O Nd8 13.d4 exd4 14.Nxd4 Bxd1 15.Qxd1 Re8
16.Nf5 Bf8 17.Qg4 Kh8 18.h5 h6 19.Bh4 c6 20.Bb3 Re5 21.Bc2 Qe6 22.f4 Rb5 23.Kb1
g6 24.hxg6 fxg6 25.Bg5 gxf5 26.exf5 Qg8 27.a4 Rc5 28.Bf6+ Kh7 29.Qh4 Nf7 30.Bd4
Rd5 31.Rh3 Rxd4 32.f6+ Kh8 33.cxd4 Re8 34.Rg3 Re1+ 35.Ka2 Ng5+ 36.Bb3 Qg6 37.Rd3
Qxd3 38.Qxe1 Ne4 39.Qa5 Qxd4 40.Qf5 d5 41.Bc2 Qc4+ 42.Kb1 Nd2+ 43.Ka1 Nb3+
44.Bxb3 Qxb3 45.Qc8 Qxa4+ 46.Kb1 Qe4+ 47.Ka2 Qb4 48.g4 Qd6 49.g5 Kg8 50.Qf5 d4
51.Qg6+ Kh8 52.Qf7

[Event "2 Bundesliga Mitte 2007/2008"]
[Site "Villach"]
[Date "2007.10.14"]
[Round "2"]
[Board "5"]
[White "Poetz, Florian"]
[Black "Schein, Karl Heinz"]
[Result "1-0"]
[WhiteElo "2174"]
[BlackElo "2207"]
[PlyCount "59"]
[EventDate "2007.10.13"]
[EventType "team"]
[EventRounds "11"]
[EventCountry "AUT"]
[WhiteTeam "SK Sparkasse Fuerstenfeld"]
[BlackTeam "SK Leoben"]

1.e4 e5 2.Nf3 Nc6 3.Bb5 a6 4.Ba4 Nf6 5.O-O Be7 6.Re1 b5 7.Bb3 d6 8.c3 O-O 9.h3
Na5 10.Bc2 c5 11.d4 Nd7 12.Nbd2 exd4 13.cxd4 Nc6 14.d5 Nce5 15.a4 Rb8 16.Nxe5
Nxe5 17.f4 Ng6 18.Nf3 Bh4 19.Rf1 Bg3 20.f5 Ne5 21.Ng5 Bh4 22.f6 g6 23.Qd2 Bxg5
24.Qxg5 Kh8 25.Qh6 Rg8 26.Bg5 Nd7 27.Qg7+ Rxg7 28.fxg7+ Kxg7 29.Bxd8 bxa4
30.Bxa4